| 000 | 00812nam a22002297a 4500 | ||
|---|---|---|---|
| 005 | 20170816112336.0 | ||
| 010 | _aBAC-CH25 | ||
| 020 |
_a9780141346830 _c350.00 |
||
| 035 | _aG-003153 | ||
| 035 | _aB-665022 | ||
| 037 |
_bBlue Berry/Ven _adpl |
||
| 082 | _aS | ||
| 100 | _aRiordan, Rick | ||
| 245 |
_aPercy Jackson : _cby Rick Riordan _band the battle of the labyrinth / |
||
| 260 |
_aNew Delhi _bPuffin Books _c2013 |
||
| 270 |
_a11 Community Centre, Panchsheel Park _bNew Delhi _e10017 (India) |
||
| 300 |
_a341p. _c20cm(pbk) |
||
| 942 |
_2ddc _cCH _mRIO _hS |
||
| 999 |
_c85694 _d85694 |
||